Normal view
MARC view
Entry Personal Name
001 - CONTROL NUMBER
- control field: 529326
003 - CONTROL NUMBER IDENTIFIER
- control field: OSt
005 - DATE AND TIME OF LATEST TRANSACTION
- control field: 20220930072042.0
008 - FIXED-LENGTH DATA ELEMENTS
- fixed length control field: 220930|| aca||aabn | a|a d
040 ## - CATALOGING SOURCE
- Original cataloging agency: OSt
- Transcribing agency: OSt
100 ## - HEADING--PERSONAL NAME
- Personal name: Chopra Inder Jeet
670 ## - SOURCE DATA FOUND
- Source citation: Work cat.: (OSt)863283: Chopra Inder Jeet, Hindi kahani par ashithvadh ka paryash 150 -170, 1975
